000 00646cam a22002173a 4500
001 38737
003 PGUSA
005 20140828083844.0
008 120202s2012||||xxu|||||s|||||000 | eng d
040 _aPGUSA
_beng
042 _adc
100 1 _aBerthier, Alexandre
245 1 0 _aCampagne d'Égypte (Volume 1) :
_bMémoires du maréchal Berthier
_h[electronic resource] /
_cAlexandre Berthier
260 _bProject Gutenberg,
_c2012
506 _aPublic domain in the USA.
516 _aElectronic text
700 1 _aLanglois, Isidore
830 0 _aProject Gutenberg
_v38737
856 4 0 _uhttp://www.gutenberg.org/ebooks/38737
942 _cEB
999 _c267991
_d267991